Buenas prácticas de las PyMe exportadoras exitosas PYMEX: El caso chileno
| Main Authors: | , , |
|---|---|
| Format: | Section = Libro |
| Language: | Undetermined Spanish |
| Published: |
Nicaragua
[s.e.]
2004
|
| Subjects: |
| LEADER | 00712nam a2200241Ia 4500 | ||
|---|---|---|---|
| 008 | 240830s9999 xx 000 0 und d | ||
| 020 | |a 956-7907-16-1 | ||
| 040 | |a B-ESTELÍ- RUACS / 382.6 B928 | ||
| 041 | |a spa | ||
| 082 | |a 382.6 B928 | ||
| 100 | 1 | |a Moori-Koeni, Virginia | |
| 100 | 1 | |b Yoguel, Gabriel | |
| 100 | 1 | |c Miseli, Darío; Gutiérrez, Irma | |
| 245 | 1 | 0 | |a Buenas prácticas de las PyMe exportadoras exitosas PYMEX: El caso chileno |
| 260 | |a Nicaragua |b [s.e.] |c 2004 | ||
| 300 | |a 302p:il | ||
| 650 | 7 | |a DR-CAFTA | |
| 650 | 7 | |b ESTADOS UNIDOS-TRATADOSCOMERCIALES | |
| 650 | 7 | |c CENTRO AMERICA-TRATADOS COMERCIALES | |
| 650 | 7 | |d LIBRE COMERCIO | |
| 942 | |c BK |2 ddc | ||
| 991 | |a TEXTO | ||
| 999 | |c 10847 | ||